The Making Of Malaviya/ (Record no. 192288)

MARC details
000 -LEADER
fixed length control field 00565nam a22001817a 4500
005 - DATE AND TIME OF LATEST TRANSACTION
control field 20220916150258.0
010 ## - LCCN (DPL NO)
LC control number ENG-135093
020 ## - INTERNATIONAL STANDARD BOOK NUMBER
International Standard Book Number 9788186101616
Terms of availability 1000.00
035 ## - SYSTEM CONTROL NUMBER
System control number EN-118625
037 ## - SOURCE OF ACQUISITION
Source of stock number/acquisition DBAD/PUB
082 ## - DEWEY DECIMAL CLASSIFICATION NUMBER
Classification number 954.035092
100 ## - MAIN ENTRY--PERSONAL NAME
Personal name Pandey Rakesh
245 ## - TITLE STATEMENT
Title The Making Of Malaviya/
Statement of responsibility, etc by Rakesh Pandey
260 ## - PUBLICATION, DISTRIBUTION, ETC. (IMPRINT)
Place of publication, distribution, etc Varanasi
Name of publisher, distributor, etc Kishor Vidya Niketan
Date of publication, distribution, etc 2010
270 ## - ADDRESS
Address B-2/236 A-1,Bhadaini,
City Varanasi
Postal code 1
Telephone number 919415996512,915422314392
Electronic mail address kishorwin@yahoo.com
300 ## - PHYSICAL DESCRIPTION
Extent 304p.
Dimensions 28cm(pbk)
942 ## - ADDED ENTRY ELEMENTS (KOHA)
Source of classification or shelving scheme Dewey Decimal Classification
Item type English Books
Classification part 954.035092
Call number suffix PAN

No items available.


© Delhi Public Library
Hit Counter
free hit counter